Kształty państw w burgerze - Statystyki

Ogólne statystyki
  • Ten quiz został rozwiązany 11 189 razy
  • Średni wynik to 9 z 18
Odpowiedzi na mapie
Odpowiedzi zakodowano w zielono-czerwonej skali na mapie do tego quizu, zgodnie z poniższymi procentami.
 
Statystyki odpowiedzi
Państwo % Poprawnych
Indie
94%
Cypr
81%
Sri Lanka
74%
Bośnia i Hercegowina
68%
Austria
64%
Portugalia
61%
Słowacja
58%
Mongolia
55%
Tajwan
53%
Nepal
47%
Tunezja
47%
Nikaragua
33%
Izrael
26%
Timor Wschodni
23%
Togo
22%
Fidżi
17%
Belize
16%
Republika Zielonego Przylądka
11%
Nie znaleziono quizów pasujących do podanych kryteriów
Rozkład punktacji
Procent ludzi z każdym wynikiem
Percentyl według liczby udzielonych odpowiedzi
Twoja historia wyników
Nie rozwiązałeś tego quizu